La Tenencia de la tierra en América Latina: el estado del arte de la discusión en la región. Documento especialmente preparado para la Iniciativa Global Tierra, Territorios y Derechos de Acceso /

Guardado en:
書目詳細資料
主要作者: Dam, Chris van
企業作者: Unión Mundial para la Naturaleza. Oficina Regional para Sub América
其他作者: consult
格式: Texto
出版: s.l.: UICN. SUR
標簽: 添加標簽
沒有標簽, 成為第一個標記此記錄!

MARC

LEADER 00000 a a2200000 04500
001 11930
003
040
090 |a 141200  
100 |a Dam, Chris van  
110 |a Unión Mundial para la Naturaleza. Oficina Regional para Sub América  
245 |a La Tenencia de la tierra en América Latina: el estado del arte de la discusión en la región. Documento especialmente preparado para la Iniciativa Global Tierra, Territorios y Derechos de Acceso /  |c Chris van Dam 
260 |a s.l.:   |b UICN. SUR  
300 |a 29 h.  
700 |a consult  
999 |c 5554  |d 5554